00656nam a22001817a 45000050016000000100031000160200025000470350031000720370024001030820006001271000022001332450074001552600033002292700087002623000031003497000016003808560078003962012010909299.0 aB-444525-526 B-469310-317 a9788184971828c65.00 aB-444525-526 B-469310-317 bBlueberry Books/Ven aS aBlacker, Terence  aYou're nicked, MS Wiz /cby Terence Blacker; illustred by Tony Ross  aNew Delhi bBPI India c2011 aF-213/A, Ground Floor, Old Mehrauli Badarpur Road, Lado Sarai,bNew Delhi e110030 a60p. ;c18cm. (pbk)bill.  aRoss, Tony  3Table of contentsuhttp://www.loc.gov/catdir/toc/ecip0516/2005020735.html